| 000 | 00519nam a2200205Ia 4500 | ||
|---|---|---|---|
| 003 | OSt | ||
| 005 | 20260422124015.0 | ||
| 008 | 210210b1971 xxu||||| |||| 00| 0 eng d | ||
| 040 | _cAL | ||
| 041 | _aKannada | ||
| 082 | _a025.84K SANG | ||
| 100 |
_a. _9262302 |
||
| 245 |
_aGrantha samrakshane. _bಗ್ರಂಥ ಸಂರಕ್ಷಣೆ |
||
| 260 |
_bNot Mentioned _c1971 |
||
| 300 | _axvi,110 | ||
| 650 |
_aBooks Preservation _9262303 |
||
| 690 |
_aLibrary Science _9262304 |
||
| 906 | _a038657 | ||
| 942 |
_2ddc _cBK |
||
| 999 |
_c88627 _d88627 |
||